Illicit flows and criminal things states, borders, and the other side of globalization (Registro nro. 67753)

Detalles MARC
000 -ENCABEZADO
Número de control [NR] 01936nam a22002777a 4500
008 - DE LONGITUD FIJA DE DATOS DE ELEMENTOS - INFORMACIÓN GENERAL
Elementos de longitud fija [NR] 130821s2005 xxuab gr eng
020 ## - NUMERO INTERNACIONAL NORMALIZADO PARA LIBROS [R]
Número Internacional Normalizado del libro [NR] 253218117
020 ## - NUMERO INTERNACIONAL NORMALIZADO PARA LIBROS [R]
Número Internacional Normalizado del libro [NR] 253346698
040 ## - FUENTE DE CATALOGACION [NR]
Agencia de catalogación original [NR] Co-BoUCM
Idioma de catalogación [NR] spa
041 00 - CODIGO DE IDIOMA [R]
Código de idioma para texto/pista de sonido o título separado [R] Inglés
245 00 - MENCION DE TITULO [NR]
Título [NR] Illicit flows and criminal things states, borders, and the other side of globalization
Mención de responsabilidad, etc. [NR] editado por Willem Van Schendel y Itty Abraham
260 ## - PUBLICACION, DISTRIBUCION, ETC. (PIE DE IMPRENTA) [R]
Lugar de publicación, distribución, etc. [R] Bloomington (Indiana, Estados Unidos)
Nombre del editor, distribuidor, etc. [R] Indiana University Press
Fecha de publicación, distribución, etc. [R] c2005
300 ## - DESCRIPCION FISICA [R]
Extensión [R] viii, 266 páginas
Otros detalles físicos [NR] ilustraciones, mapas
490 #0 - MENCION DE SERIE [R]
Mención de serie [R] Tracking globalization
504 ## - NOTA DE BIBLIOGRAFIA, ETC. [R]
Nota de bibliografía, etc. [NR]
505 #0 - NOTA DE CONTENIDO CON FORMATO PREESTABLECIDO [R]
Nota de contenido con formato preestablecido [NR] Introduction : the making of illicitness / Itty Abraham and Willem van Schendel. -- Spaces of engagement : how borderlands, illicit flows, and territorial states interlock / Willem van Schendel. -- The rumor of trafficking : border controls, illegal migration, and the sovereignty of the nation-state / Diana Wong. -- Talking like a state : drugs, borders, and the language of control / Paul Gootenberg. -- "Here, even legislators chew them" : coca leaves and identity politics in northern Argentina / Silvia Rivera Cusicanqui. -- Seeing the state like a migrant : why so many non-criminals break immigration laws / David Kyle and Christina A. Siracusa. -- Criminality and the global diamond trade : a methodological case study / Ian Smillie. -- Small arms, cattle raiding, and borderlands : the Ilemi triangle / Kenneth I. Simala and Maurice Amutabi.
650 04 - ASIENTO SECUNDARIO DE MATERIA - TERMINO TEMATICO [R]
Término temático o nombre geográfico como elemento de entrada [NR] Crímenes contra la humanidad
9 (RLIN) 12143
650 04 - ASIENTO SECUNDARIO DE MATERIA - TERMINO TEMATICO [R]
Término temático o nombre geográfico como elemento de entrada [NR] Delitos internacionales
9 (RLIN) 7489
650 04 - ASIENTO SECUNDARIO DE MATERIA - TERMINO TEMATICO [R]
Término temático o nombre geográfico como elemento de entrada [NR] Estado
9 (RLIN) 7594
650 04 - ASIENTO SECUNDARIO DE MATERIA - TERMINO TEMATICO [R]
Término temático o nombre geográfico como elemento de entrada [NR] Problemas sociales
9 (RLIN) 22324
700 1# - ASIENTO SECUNDARIO - NOMBRE PERSONAL [R]
Nombre personal [NR] Abraham, Itty
Fechas asociadas con el nombre [NR] 1960-
Término de relación [R]
9 (RLIN) 167025
700 1# - ASIENTO SECUNDARIO - NOMBRE PERSONAL [R]
Nombre personal [NR] Schendel, Willem Van
Término de relación [R]
9 (RLIN) 140050
856 42 - LOCALIZACION Y ACCESO ELECTRONICOS [R]
Nota dirigida al público [R] Tabla de Contenido
Identificador Uniforme del Recurso (“URI”) [R] <a href="http://www.loc.gov/catdir/toc/ecip0511/2005010917.html">http://www.loc.gov/catdir/toc/ecip0511/2005010917.html</a>
942 ## - ELEMENTOS DE ENTRADA AGREGADOS (KOHA)
Tipo de ítem principal el descrito en 300a Libro
Tema principal Derecho
Edición 1
Parte restante de la signatura top. I291
Sistema de clasificación DEWEY
Clasificación 364.135
Existencias
Fecha de último préstamo Total préstamos Total Renewals Signatura topográfica Código de barras Última vez visto Ejemplar Price effective from Tipo de ítem Nota pública (OPAC) Perdido Sistema de clasificación Dañado No prestable Tipo de ítem específico Suprimido Ubicación habitual Ubicación actual Localización Fecha de creación Forma de adquisición Costo
05/09/2019 4 5 364.135 I291 100108296 04/12/2025 Ej.1 03/02/2013 Libro Spot Criminología e Investigación Criminal   DEWEY     Libro   Claustro Claustro 3er piso 28/02/2010 Compra 52999.00